| 000 | 00354 a2200145 4500 | ||
|---|---|---|---|
| 020 | _a9695191088 | ||
| 082 | _a492.75 | ||
| 090 |
_c6087 _d6087 |
||
| 100 | _aWright,W. | ||
| 245 |
_aA Grammar of the Arabic Language. _cW.Wright. |
||
| 260 |
_aLahore. _bSuhail Academy. _c2005. |
||
| 300 | _a450p. | ||
| 500 | _aHardcover. | ||
| 942 |
_aNBS _cBK _k492.75 WRI |
||
| 999 |
_c348471 _d348471 |
||